00409 2200157 4500001002100000008004100021035002000062245004300082100001600125260003200141300002200173020002200195084001400217082000800231990001200239INLIS000000000002791 IND  a0010-0925000138 aKepergianku Untuk KembalicAster Putih aAster Putih aJakartabRumah Oranyec2014 a204c(13 x 19 cm) a978-602-1588-70-3 a813 AST c a813 a0755013